Statistics for Five Most Bordered Countries by Continent

Click here to take the quiz!

General Stats

  • This quiz has been taken 1,961 times
    (1,552 since last reset)
  • The average score is 22 of 27

Answer Stats

Continent Country % Correct
EuropeRussia
97%
AsiaChina
97%
South AmericaBrazil
95%
AfricaEthiopia, Chad, CAR, Cameroon, Burkina Faso, Guinea, S. Sudan, S. Africa, Mozambique, Libya, Algeria11 Countries
94%
North AmericaCosta Rica, Panama, US, Belize, Nicaragua, El Salvador6 Countries
94%
EuropeGermany
93%
AfricaD.R. Congo
92%
OceaniaPalau, Nauru, Tonga, Samoa, Solomon Is, Australia, Micronesia, Fiji, Marshall Is, Vanuatu, Tuvalu, New Zealand, Kiribati13 Countries
90%
OceaniaPapua New Guinea
90%
AsiaIndia
90%
EuropeFrance
89%
AfricaMali, Niger, Sudan3 Countries
89%
North AmericaMexico
87%
South AmericaArgentina
87%
North AmericaCanada, Dominican Republic, Haiti3 Countries
86%
South AmericaPeru
86%
South AmericaBolivia
85%
South AmericaColombia
83%
North AmericaGuatemala
76%
AsiaIran
76%
North AmericaHonduras
75%
AsiaSaudi Arabia
72%
EuropeAustria
67%
EuropeSerbia
64%
AsiaTurkey
57%
AfricaTanzania
44%
AfricaZambia
39%

Score Distribution

Percentile by Number Answered

Percent of People with Each Score

Your Score History

You have not taken this quiz since the last reset